000 00471nam a22001697a 4500
005 20180711104756.0
008 160524b xxu||||| |||| 00| 0 eng d
020 _a81-203-1013-6
041 _aeng
082 _b4751
_a658.15
100 _aMarshall, John F & Bansal, Vipul K.
_94512
245 _aFinancial Engineering A Complete guide to financial inovation
260 _aNew Delhi
_bAcademic Faundation
300 _a717p,
650 _aManagement
_9241
942 _cBK
999 _c1610
_d1609